| 000 | 00929cab a2200253 4500 | ||
|---|---|---|---|
| 001 | ABS42713 | ||
| 008 | 090401t1990 xxu||||| |||| 00| 0 eng d | ||
| 035 | _a(Sirsi) u38512 | ||
| 041 | _aeng | ||
| 100 | _aRees, A. | ||
| 245 | _aPartners in housing | ||
| 260 | _c1990 | ||
| 350 | _a0 | ||
| 490 |
_aHousing _v26(4) May 1990, 24-29(4) |
||
| 520 | _aJoint venture housing schemes between private developers and local authorities look set to continue with Government confirming support for such initiatives. The author describes how a new scheme will provide affordable housing to those in need but which will remain available to local authorities to pass on to subsequent people. | ||
| 650 | _aCOST SALE PARTNERSHIP | ||
| 650 | _aLOCAL GOVERNMENT AND HOUSING ACT 1989 | ||
| 650 | _aLOVELL | ||
| 650 | _aPARTNERSHIP SCHEMES | ||
| 650 | _aSHARED OWNERSHIP | ||
| 690 | _aHOUSING | ||
| 942 | _n0 | ||
| 948 | _c04/03/1997 | ||
| 999 |
_c24754 _d24754 |
||